Concepts Of Modern Physics (Record no. 609569)

000 -LEADER
fixed length control field 00328nam a22001217a 4500
040 ## - CATALOGING SOURCE
Transcribing agency Nust
082 ## - DEWEY DECIMAL CLASSIFICATION NUMBER
Classification number 530
Author Mark BEI
100 ## - MAIN ENTRY--PERSONAL NAME
Personal name Breiser, Arthur
9 (RLIN) 123347
245 ## - TITLE STATEMENT
Title Concepts Of Modern Physics
260 ## - PUBLICATION, DISTRIBUTION, ETC.
Place of publication, distribution, etc. Lahore:
Name of publisher, distributor, etc. National Book Foundation Islamabad,
Date of publication, distribution, etc. 2007.
650 ## - SUBJECT ADDED ENTRY--TOPICAL TERM
Topical term or geographic name entry element Concepts Of Modern Physics
9 (RLIN) 40034
942 ## - ADDED ENTRY ELEMENTS (KOHA)
Source of classification or shelving scheme
Koha item type Book
Holdings
Withdrawn status Lost status Source of classification or shelving scheme Damaged status Not for loan Permanent Location Current Location Shelving location Date acquired Total Checkouts Full call number Barcode Date last seen Price effective from Koha item type
          College of Electrical & Mechanical Engineering (CEME) College of Electrical & Mechanical Engineering (CEME) General Stacks 06/07/2024   530 BEI CEME- 42447 06/07/2024 06/07/2024 Book
© 2023 Central Library, National University of Sciences and Technology. All Rights Reserved.